Công nghệ thông tin và quản lý với người lãnh đạo /
Nội dung cuốn sách gồm 9 chương:
Guardado en:
| Autor principal: | |
|---|---|
| Formato: | Libro |
| Lenguaje: | Vietnamese |
| Publicado: |
Tp,Hồ Chí Minh :
Nhà xuất bản Thống kê ,
2004
|
| Materias: | |
| Etiquetas: |
Agregar Etiqueta
Sin Etiquetas, Sea el primero en etiquetar este registro!
|
| Thư viện lưu trữ: | Thư viện Trường CĐ Kỹ Thuật Cao Thắng |
|---|
| LEADER | 01632nam a2200301 a 4500 | ||
|---|---|---|---|
| 001 | TVCDKTCT11296 | ||
| 003 | Thư viện trường Cao đẳng Kỹ thuật Cao Thắng | ||
| 005 | 20090827000000 | ||
| 008 | 090827 | ||
| 980 | \ | \ | |a Thư viện Trường CĐ Kỹ Thuật Cao Thắng |
| 024 | |a RG_1 #1 eb0 i1 | ||
| 041 | 0 | # | |a vie |
| 082 | # | # | |a 658.42028 / |b C455N-n |
| 100 | 1 | # | |a Ngô Trung Việt |
| 245 | 0 | 0 | |a Công nghệ thông tin và quản lý với người lãnh đạo / |c Ngô Trung Việt |
| 260 | # | # | |a Tp,Hồ Chí Minh : |b Nhà xuất bản Thống kê , |c 2004 |
| 300 | # | # | |a 347tr. ; |c 24cm |
| 520 | # | # | |a Nội dung cuốn sách gồm 9 chương: |
| 520 | # | # | |a Chương 1: Tiến bộ CNTT đi vào các tổ chức. |
| 520 | # | # | |a Chương 2: Thay đổi tư duy quản lý trên cơ sở CNTT. |
| 520 | # | # | |a Chương 3: Tiến bộ CNTT trong thực tiễn Việt nam, phát triển hạ tầng CNTT. |
| 520 | # | # | |a Chương 4: Thay đổi tổ chức trên nền công nghệ, phát triển vốn trí tuệ |
| 520 | # | # | |a Chương 5: Dịch chuyển tư duy quản lý sang quản lý tri thức. |
| 520 | # | # | |a Chương 6: Vấn đề học tập trong tổ chức. |
| 520 | # | # | |a Chương 7: Kỹ năng tư duy chiến lược và hệ thống. |
| 520 | # | # | |a Chương 8: Kỹ năng lãnh đạo dự án và tổ CNTT. |
| 520 | # | # | |a Chương 10: Giám đốc thông tin, tri thức và học tập, CIO, CKO, CLO |
| 650 | # | 4 | |a Công nghệ thông tin |